Catalog

Record Details

Catalog Search



O potřebnosti národů  Cover Image Book Book

O potřebnosti národů / Roger Scruton ; [z anglického originálu ... přeložili Eduard Bakalář a Pavel Pšeja]

Scruton, Roger, 1944- (Author). Bakalář, Eduard (Translator). Pšeja, Pavel, 1970- (Translator).

Record details

  • ISBN: 978-80-7325-245-8 (brož.) :
  • Physical Description: 87 s. ; 21 cm
  • Edition: 1. vyd.
  • Publisher: Brno : Centrum pro studium demokracie a kultury, 2011

Content descriptions

Bibliography, etc. Note:
Obsahuje bibliografické odkazy a rejstřík
Subject: národní stát
občanství > Anglie
vlastenectví > Anglie
politologie
Genre: studie

Available copies

  • 1 of 1 copy available at Common Catalog SPOK.

Holds

  • 0 current holds with 1 total copy.
Show Only Available Copies
Location Call Number / Copy Notes Barcode Shelving Location Status Due Date
Jabok Library Soc-5.2 424480027247 Odborná literatura Available -

LDR 01606cam a22004817a 4500
00116821
003CZ-PrJAB
00520121126105425.0
007ta
008110603s2011 xr e 001 0 cze
015 . ‡acnb002195287
020 . ‡a978-80-7325-245-8 (brož.) : ‡cKč 149,00
035 . ‡a(CONS)16821
035 . ‡a(CZ PrCU)001386401
040 . ‡aABA001 ‡bcze ‡dABD003 ‡dABD107 ‡dABD064 ‡dABD001 ‡dABD103
0411 . ‡acze ‡heng
072 7. ‡a321 ‡xPolitologie ‡2Konspekt ‡915
080 . ‡a323.1:342.1 ‡2MRF
080 . ‡a172.12 ‡2MRF
080 . ‡a172.15 ‡2MRF
080 . ‡a(410.1) ‡2MRF
1001 . ‡aScruton, Roger, ‡d1944- ‡7skuk0001256 ‡4aut
24510. ‡aO potřebnosti národů / ‡cRoger Scruton ; [z anglického originálu ... přeložili Eduard Bakalář a Pavel Pšeja]
250 . ‡a1. vyd.
260 . ‡aBrno : ‡bCentrum pro studium demokracie a kultury, ‡c2011
300 . ‡a87 s. ; ‡c21 cm
4901 . ‡aQuaestiones quodlibetales ; ‡vno. 16
504 . ‡aObsahuje bibliografické odkazy a rejstřík
65007. ‡anárodní stát ‡2czenas ‡7ph123439
65007. ‡aobčanství ‡zAnglie ‡2czenas ‡7ph257867
65007. ‡avlastenectví ‡zAnglie ‡2czenas ‡7ph127129
65007. ‡apolitologie ‡7ph115796 ‡2czenas
655 7. ‡astudie ‡7fd133597 ‡2czenas
7001 . ‡aBakalář, Eduard ‡4trl
7001 . ‡aPšeja, Pavel, ‡d1970- ‡7xx0008734 ‡4trl
7650 . ‡tEngland and the need for nations ‡9Česky
830 0. ‡aQuaestiones quodlibetales (CDK)
910 . ‡aABG312
9289 . ‡aCentrum pro studium demokracie a kultury (CDK)
901 . ‡a16821 ‡b ‡c16821 ‡tbiblio

Additional Resources